|
|
|
|
| LEADER |
00000cam a2200000 a 4500 |
| 001 |
vtls008311934 |
| 003 |
SK-MaSNL |
| 005 |
20260301041148.0 |
| 008 |
230501s1973 xo abo f n 000 0 slo |
| 015 |
|
|
|a SNBA1974/01-00014
|
| 020 |
|
|
|q (viazané)
|
| 035 |
|
|
|a SK01SNK19740004151
|
| 035 |
|
|
|a 960B4DF5-D34B-481C-ADA9-24A355954EBA
|
| 035 |
|
|
|a urn:nbn:sk:snk-am00iizn
|
| 035 |
|
|
|a SKM000006614
|
| 040 |
|
|
|a SNK
|b slo
|c SNK
|e AACR2
|
| 041 |
1 |
|
|a slo
|a ger
|
| 044 |
|
|
|a xo
|c SK
|
| 080 |
|
|
|a 930.85(=81)(4-15)"05/11/(075)=854
|2 1981
|
| 080 |
|
|
|a 391/394
|2 1981
|
| 080 |
|
|
|a 940.1
|2 1981
|
| 080 |
|
|
|a 008+391/394(=81)(4-15)(091)"04/11"
|2 1981
|
| 100 |
1 |
|
|a Herrmann, Joachim,
|d 1932-2010
|4 aut
|9 177816
|
| 240 |
1 |
0 |
|a Zwischen Hradschin und Wineta
|l Slovensky
|
| 245 |
1 |
0 |
|a Od Hradčian po Vinetu
|b rané kultúry západných Slovanov
|c Joachim Herrmann ; z nemeckého originálu Zwischen Hradschin und Wineta ... preložil Alojz Habovštiak ; doslov: Bohuslav Chropovský
|
| 250 |
|
|
|a 1. vyd.
|
| 260 |
|
|
|a Martin
|b Osveta
|c 1973
|f Tlačiarne SNP - Neografia
|
| 300 |
|
|
|a 298, [1] s., 8 s. fareb., 52 s. čiernobielych fotogr.
|b fotogr., ilustr.
|c 8°
|
| 366 |
|
|
|e 2000 výtl.
|
| 500 |
|
|
|a Obsahuje bibliografiu
|
| 650 |
0 |
7 |
|a kultúrne dejiny
|2 SNKPH
|9 4307
|
| 650 |
0 |
7 |
|a západní Slovania
|2 SNKPH
|9 68500
|
| 650 |
0 |
7 |
|a raný stredovek
|2 SNKPH
|9 76105
|
| 655 |
|
7 |
|a monografie
|2 SNKPH
|9 70139
|
| 700 |
1 |
|
|a Habovštiak, Alojz,
|d 1932-2000
|4 trl
|9 82975
|
| 700 |
1 |
|
|a Chropovský, Bohuslav,
|d 1926-2009
|4 aft
|9 73423
|
| 852 |
|
|
|a Slovenská národná knižnica
|
| 954 |
|
|
|a odborná, vedecká literatúra cudzojazyčná (svetová)
|2 lita
|
| 958 |
|
|
|a OND
|
| 958 |
|
|
|a RK
|
| 958 |
|
|
|a NB
|
| 958 |
|
|
|a OP
|
| 958 |
|
|
|a DE
|
| 958 |
|
|
|a EUIPO
|
| 999 |
|
|
|c 587743
|d 589673
|
| 952 |
|
|
|a SNK
|b SNK
|y PREZ
|7 0
|p 17A0927796
|o snkSC 32680
|i snkKSP 599/74
|0 0
|1 0
|4 0
|d 2012-09-27
|f 1
|l 0
|r 2025-09-30 00:00:00
|w 2026-02-23
|
| 952 |
|
|
|t P60, <04>, [BOOK], {604}
|a SNK
|b SNK
|y VYP
|7 0
|p 17A0199162
|o snkSC 32680 D1
|0 0
|1 0
|4 0
|d 1999-07-09
|l 0
|r 2005-01-02 00:00:00
|w 2026-02-23
|